Reflexiones sobre nudos y silencios del Movimiento de Mujeres en Panamá /

Wedi'i Gadw mewn:
Manylion Llyfryddiaeth
Prif Awdur: Tuñón Berrocal, Irma
Awduron Eraill: Barría, Marta, Martínez, Nancy
Fformat: Texto
Pynciau:
Tagiau: Ychwanegu Tag
Dim Tagiau, Byddwch y cyntaf i dagio'r cofnod hwn!

MARC

LEADER 00000 a a2200000 04500
001 9399
003
040
100 |a Tuñón Berrocal, Irma  
245 |a Reflexiones sobre nudos y silencios del Movimiento de Mujeres en Panamá /  |c Irma Tuñón Berrocal ; Marta Barría ; Nancy Martínez 
650 |a MUJERES  
650 |a PARTICIPACION POLITICA  
650 |a ORGANIZACIONES FEMENINAS  
700 |a Barría, Marta  
700 |a Martínez, Nancy  
773 |g número 445; páginas 59-69  
999 |c 40234  |d 40234